[Event "Muensterland Verbandsklasse playoff"]
[Site "Germany"]
[Date "2022.05.14"]
[Round "3.5"]
[White "Brinkmann, Franz Josef"]
[Black "Knop, Adrian"]
[Result "1/2-1/2"]
[WhiteElo "1778"]
[BlackElo "1485"]
[PlyCount "119"]
[EventDate "2022.04.02"]
[EventType "team-tourn"]
[EventRounds "5"]
[EventCountry "GER"]
[SourceTitle "EXT 2023"]
[Source "ChessBase"]
[SourceDate "2022.10.05"]
[SourceVersion "1"]
[SourceVersionDate "2022.10.05"]
[SourceQuality "1"]
[WhiteTeam "Rheine Klein Berlin II"]
[BlackTeam "Heiden"]
[WhiteTeamCountry "GER"]
[BlackTeamCountry "GER"]

1. e4 e5 2. Nf3 Nc6 3. Bc4 Bc5 4. c3 Nf6 5. d4 exd4 6. cxd4 Bb4+ 7. Bd2 Nxe4 8. Bxb4 Nxb4 9. Bxf7+ Kxf7 10. Qb3+ d5 11. Qxb4 Re8 12. 0-0 Qd6 13. Qb3 Bf5 14. Nc3 Nf6 15. Ne5+ Kg8 16. Rfe1 b6 17. Nb5 Qe7 18. Nf3 Qd8 19. Rxe8+ Nxe8 20. Rc1 Be6 21. Qe3 Bd7 22. Nc3 Nf6 23. Ne5 Be6 24. Nb5 Ne8 25. Re1 Qf6 26. Nc6 a6 27. Nc3 Bf7 28. Ne7+ Kh8 29. Nexd5 Qd6 30. Nf4 Nf6 31. Qd2 Rd8 32. d5 c6 33. h3 Nxd5 34. Nfxd5 cxd5 35. Qg5 h6 36. Qf5 Bg6 37. Qg4 Bf7 38. Qf5 Kg8 39. Re5 d4 40. Ne4 Qb4 41. b3 d3 42. Qg4 Qe1+ 43. Kh2 Kh8 44. Re7 Rf8 45. Qf4 d2 46. Qxd2 Qxd2 47. Nxd2 Bd5 48. f3 Rd8 49. Ne4 Kg8 50. Ng3 g6 51. Ne4 Kf8 52. Rh7 h5 53. Nf6 Bf7 54. Rh8+ Ke7 55. Rxd8 Kxd8 56. Kg3 a5 57. Kf4 Ke7 58. Ke5 Be6 59. h4 a4 60. bxa4 1/2-1/2

[Event "Muensterland Verbandsklasse 1920"]
[Site "Germany"]
[Date "2020.01.18"]
[Round "5.7"]
[White "Knop, Adrian"]
[Black "Roewekamp, Helmut"]
[Result "1/2-1/2"]
[WhiteElo "1477"]
[BlackElo "1590"]
[PlyCount "43"]
[EventDate "2019.09.14"]
[EventType "team-tourn"]
[EventRounds "7"]
[EventCountry "GER"]
[SourceTitle "EXT 2023"]
[Source "ChessBase"]
[SourceDate "2022.10.05"]
[SourceVersion "1"]
[SourceVersionDate "2022.10.05"]
[SourceQuality "1"]
[WhiteTeam "Heiden"]
[BlackTeam "Reckenfeld"]
[WhiteTeamCountry "GER"]
[BlackTeamCountry "GER"]

1. e4 e5 2. Nf3 Nc6 3. Bc4 Bc5 4. c3 Nf6 5. d4 exd4 6. cxd4 Bb4+ 7. Nc3 Nxe4 8. 0-0 Bxc3 9. d5 Ne5 10. Qe2 Nxf3+ 11. gxf3 Bb4 12. Qxe4+ Qe7 13. Qg4 Qf6 14. Bg5 Qg6 15. a3 h6 16. Rfe1+ Bxe1 17. Rxe1+ Kf8 18. Be7+ Kg8 19. Qxg6 fxg6 20. d6+ Kh7 21. dxc7 Re8 22. Bf7 1/2-1/2